000 00576nam a2200169 a 4500
001 000049072
005 20201002061630.0
008 190717s1995 dr a r 000 0 spa d
040 _aDO-SdBNP
_bspa
_cBNPHU
082 _axxxx
_bV155e
100 1 _aValentí Batlle, María Teresa
_965649
245 1 0 _aEn la palma de su mano /
_cMaría Teresa Valentí Batlle ; prólogo Benjamín González-Buelta.
260 _aSanto Domingo :
_bSusaeta,
_c1995.
300 _a252 p. :
_bil. ;
_c22 cm.
590 _aInvengtariado, 2019/BT
700 1 _aGonzález-Buelta, Benjamín,
_epról.
_96606
999 _c48560
_d48560